000 01002nam a2200277 a 4500
001 25437
003 CO-ViMGA
005 20230915232058.0
008 141112s2004 ck r 000 u spa d
020 _a9788434227989
040 _aCO-ViMGA
_bspa
_cCO-ViMGA
082 0 4 _a604.2 J85d
100 1 _aJulián Pérez, Fernando.
_938802
245 1 0 _aDibujo para diseñadores industriales /
_ctextos Fernando Julián, Jesús Albarracín ; fotografías Nos & Soto.
250 _a4a. ed.
260 _aBarcelona :
_bParramón,
_c2011.
300 _a191 p. : il. ; 30 cm.
490 _aAula de dibujo profesional
500 _aGlosario : p. 186 - 189.
504 _aIncluye bibliografía.
650 1 4 _aDibujo técnico - Equipo y accesorios.
_938803
700 1 _aAlbarracín, Jesús.
_938804
710 _aNos & Soto, fot.
_938805
942 _2ddc
_cBK
999 _c33024
_d33024